[Event "It (cat.10)"]
[Site "masterchessopen.com Alushta (Ukraine)"]
[Round "5"]
[White "Korotylev Alexey (RUS)"]
[Black "Salinnikov Denis Y (RUS)"]
[Result "1-0"]
[WhiteElo "2480"]
[BlackElo "2437"]

1.d4 Nf6 2.c4 g6 3.Nc3 Bg7 4.e4 d6 5.Be2 O-O 6.Bg5 h6 7.Be3 e5 8.d5 c6 9.Qd2
b5 10.cxb5 cxd5 11.exd5 Kh7 12.h3 Nbd7 13.Bd1 Bb7 14.Nge2 Nb6 15.Bb3 Rc8
16.O-O Nfd7 17.Na4 Nxa4 18.Bxa4 Nb6 19.Bb3 Nc4 20.Bxc4 Rxc4 21.b3 Rh4 22.Rac1
e4 23.Bxa7 f5 24.Nf4 Bc8 25.g3 Rxf4 26.gxf4 g5 27.Be3 gxf4 28.Bxf4 Qh4 29.Kg2
Be5 30.Rc7+ {#r} 1-0

[Event "Ch Belgium (team) 1999/00"]
[Site "masterchessopen.com Belgium"]
[Round "3"]
[White "Lavrenov Yuli (BEL)"]
[Black "Schebler Gerhard (GER)"]
[Result "0-1"]
[WhiteElo "2110"]
[BlackElo "2443"]

1.d4 Nf6 2.c4 g6 3.Nc3 Bg7 4.e4 d6 5.Be2 O-O 6.Bg5 h6 7.Be3 Nbd7 8.g4 c5 9.d5
b5 10.f3 bxc4 11.Bxc4 Rb8 12.Qd2 Qa5 13.Rc1 Ne5 14.Be2 Ba6 15.Nh3 Bxe2 16.Kxe2
Nc4 17.Qd3 Nxb2 18.Qc2 Qa6+ 19.Kf2 Nd3+ 20.Kg3 Nxc1 21.Rxc1 Qa3 22.Nd1 h5
23.g5 Nd7 24.Nhf2 Bb2 25.Rb1 Be5+ 26.f4 Rxb1 27.Qxb1 Rb8 28.Qc2 Bd4 29.Nd3
Bxe3 30.Nxe3 Nb6 31.Kf3 Qa4 32.Qxa4 Nxa4 33.Nc4 Kf8 34.e5 Nb6 35.Nxb6 Rxb6
{#R} 0-1

[Event "It (open)"]
[Site "masterchessopen.com Bern (Switzerland)"]
[Round "2"]
[White "Krizsany Laszlo (HUN)"]
[Black "Barthel Bergit (GER)"]
[Result "1-0"]
[WhiteElo "2441"]
[BlackElo "2096"]

1.d4 Nf6 2.c4 g6 3.Nc3 Bg7 4.e4 d6 5.Be2 O-O 6.Bg5 h6 7.Be3 c5 8.d5 Qa5 9.Bd2
a6 10.h3 b5 11.cxb5 axb5 12.Nxb5 Qb6 13.Qc2 Bd7 14.Nc3 Na6 15.a3 e6 16.dxe6
Bxe6 17.Nf3 Nb4 18.Qb1 Nc6 19.O-O Na5 20.Qc2 Bb3 21.Qc1 Kh7 22.Be3 Rfe8 23.Nd2
Qb7 24.Bf3 Rab8 25.e5 Nd5 26.exd6 Nxc3 27.bxc3 Qb5 28.Rb1 Qd3 29.Nxb3 Nxb3
30.Qd1 Qxc3 31.d7 Red8 32.Bf4 Qd4 33.Bxb8 Nd2 34.Bc7 Rxd7 35.Ba5 Nxf1 36.Qxd4
Bxd4 37.Kxf1 Ra7 38.Bb6 {#r} 1-0

[Event "It (open)"]
[Site "masterchessopen.com Biel (Switzerland)"]
[Round "7"]
[White "Bagirov Rufat (AZE)"]
[Black "Sasikiran Krishnan (IND)"]
[Result "1-0"]
[WhiteElo "2471"]
[BlackElo "2536"]

1.d4 Nf6 2.c4 g6 3.Nc3 Bg7 4.e4 d6 5.Be2 O-O 6.Bg5 h6 7.Be3 c5 8.dxc5 Qa5
9.Bd2 Qxc5 10.Nf3 Bg4 11.Be3 Qh5 12.O-O Nc6 13.h3 Bxf3 14.Bxf3 Qa5 15.Qd2 Kh7
16.Rac1 Nd7 17.b3 Nc5 18.Rfd1 Ne6 19.g3 h5 20.h4 Bd4 21.Bg2 Bxe3 22.Qxe3 Qc5
23.Qd2 a5 24.Nd5 Rae8 25.Qb2 Ned4 26.a3 e5 27.b4 Qa7 28.b5 Nd8 29.Nf6+ Kg7
30.Nxe8+ Rxe8 31.b6 Qb8 32.Rxd4 exd4 33.Qxd4+ Kg8 34.Rd1 Ne6 35.Qxd6 Qa8
36.Rd5 Qa6 37.Bf1 Rd8 38.Qxd8+ Nxd8 39.Rxd8+ Kg7 40.c5 {#r} 1-0

[Event "It (cat.8)"]
[Site "masterchessopen.com Budapest (Hungary)"]
[Round "4"]
[White "Hoang Thanh Trang (HUN)"]
[Black "Vajda Szidonia (HUN)"]
[Result "1-0"]
[WhiteElo "2453"]
[BlackElo "2397"]

1.d4 Nf6 2.c4 g6 3.Nc3 Bg7 4.e4 d6 5.Be2 O-O 6.Bg5 h6 7.Be3 e5 8.d5 c6 9.g4 a6
10.a4 a5 11.h4 Ne8 12.Qd2 Kh7 13.Nh3 f5 14.exf5 gxf5 15.Bd3 e4 16.Bc2 Nd7
17.f4 exf3 18.gxf5 Nef6 19.Ng5+ hxg5 20.hxg5+ Kg8 21.gxf6 Qxf6 22.O-O-O c5
23.Rdg1 Rf7 24.Rh3 Ne5 25.Bg5 Bxf5 26.Bxf6 Bxh3 27.Bxg7 Rxg7 28.Rxg7+ Kxg7
29.Qg5+ {#r} 1-0

[Event "It (cat.8)"]
[Site "masterchessopen.com Budapest (Hungary)"]
[Round "3"]
[White "Horvath Csaba (HUN)"]
[Black "Schebler Gerhard (GER)"]
[Result "0-1"]
[WhiteElo "2509"]
[BlackElo "2443"]

1.d4 Nf6 2.c4 g6 3.Nc3 Bg7 4.e4 d6 5.Be2 O-O 6.Bg5 h6 7.Be3 c5 8.dxc5 Qa5
9.Bd2 Qxc5 10.h3 Be6 11.Rc1 Qc6 12.Nd5 Bxd5 13.exd5 Qb6 14.Qc2 Rc8 15.Bc3 Qd8
16.a4 a5 17.Nf3 Na6 18.O-O Nb4 19.Qb1 Qd7 20.Qa1 Nh5 21.Bxg7 Nf4 22.Rfe1 Kxg7
23.b3+ Kh7 24.Qd4 Nbxd5 25.Bf1 e5 26.Nxe5 dxe5 27.Rxe5 Qc7 28.Rce1 Qb6 29.R1e4
Ne6 30.Qxd5 Rd8 31.Qb5 Qa7 32.c5 Rac8 33.Bc4 Nxc5 34.Re7 Rd1+ 35.Kh2 Qb8+
36.g3 Nxe4 37.Rxf7+ Kh8 38.Be6 Qxg3+ {#R} 0-1

[Event "Ch Vietnam (juniors) (under 20)  (g)"]
[Site "masterchessopen.com Can Tho (Vietnam)"]
[Round "3"]
[White "Dao Thien Hai (VIE)"]
[Black "Hoang Hai (VIE)"]
[Result "1-0"]
[WhiteElo "2543"]
[BlackElo "2215"]

1.d4 Nf6 2.c4 g6 3.Nc3 Bg7 4.e4 d6 5.Be2 O-O 6.Bg5 h6 7.Be3 e5 8.d5 Nbd7 9.Qd2
Nc5 10.f3 a5 11.O-O-O Kh7 12.g4 Ne8 13.h4 Bd7 14.Nh3 Qe7 15.Rdg1 a4 16.Kb1 Rh8
17.Bd1 a3 18.b3 c6 19.b4 Na6 20.Na4 b5 21.cxb5 cxd5 22.bxa6 d4 23.h5 Rxa6
24.hxg6+ fxg6 25.Bb3 dxe3 26.Qxe3 Rf8 27.Nc3 Nc7 28.Rh2 Raa8 29.Ng5+ {#r} 1-0

[Event "Extra League 1998/99"]
[Site "masterchessopen.com Czech Republic"]
[Round "5"]
[White "Meduna Eduard (CZE)"]
[Black "Vokac Marek (CZE)"]
[Result "0-1"]
[WhiteElo "2502"]
[BlackElo "2494"]

1.d4 Nf6 2.c4 g6 3.Nc3 Bg7 4.e4 d6 5.Be2 O-O 6.Bg5 h6 7.Be3 e5 8.d5 c6 9.Qd2
h5 10.h3 a5 11.Nf3 Na6 12.dxc6 bxc6 13.O-O Qe7 14.Rfd1 Rd8 15.Qc2 Rb8 16.Rd2
Nh7 17.Na4 Nf8 18.Bb6 Rd7 19.Bxa5 Ne6 20.Nb6 Rdb7 21.Nxc8 Rxc8 22.c5 Naxc5
23.b4 Ra8 24.bxc5 Rxa5 25.cxd6 Qd7 26.Rb1 Rxb1+ 27.Qxb1 Nd4 28.Qb8+ Kh7 29.h4
Nxf3+ 30.Bxf3 Rb5 31.Qc7 Rb7 32.Qa5 Qe6 33.Qc5 Rb1+ 34.Kh2 Qf6 35.Bd1 Qf4+
36.g3 Qxd2 37.Bb3 Rc1 38.Qa7 Qe1 {#R} 0-1

[Event "Bayern Oberliga"]
[Site "masterchessopen.com Germany"]
[Round "3"]
[White "Koenig Dietrich (GER)"]
[Black "Seidel Michael (GER)"]
[Result "0-1"]
[WhiteElo "2305"]
[BlackElo "2101"]

1.d4 Nf6 2.c4 g6 3.Nc3 Bg7 4.e4 d6 5.Be2 O-O 6.Bg5 h6 7.Be3 Nbd7 8.Qd2 Kh7
9.h4 c5 10.d5 Ne5 11.Nh3 a6 12.f3 Nh5 13.Bf2 f5 14.exf5 gxf5 15.Nf4 Nxf4
16.Qxf4 b5 17.cxb5 axb5 18.Bxb5 Rb8 19.O-O Qa5 20.a4 Bb7 21.Qd2 Qb4 22.Rfe1
Rf7 23.Qe2 Ba8 24.Rad1 Rg8 25.Na2 Qf4 26.Qe3 Qxe3 27.Rxe3 Ng6 28.Re2 Bf6
29.Bd7 Nf4 30.Bxf5+ Kh8 31.Re4 Rxg2+ 32.Kf1 Rxf2+ 33.Kxf2 Bxh4+ 34.Kf1 Rxf5
35.b4 cxb4 36.Nxb4 Bg5 37.a5 Nxd5 38.a6 Ne3+ {#R} 0-1

[Event "Hessenliga 1998/99"]
[Site "masterchessopen.com Germany"]
[Round "0"]
[White "Kierzek Matthias Dr (GER)"]
[Black "Wenner Frank (GER)"]
[Result "0-1"]
[WhiteElo "2131"]
[BlackElo "2117"]

1.d4 Nf6 2.c4 g6 3.Nc3 Bg7 4.e4 d6 5.Be2 O-O 6.Bg5 h6 7.Be3 e5 8.d5 Nbd7 9.Qd2
Kh7 10.h4 Nc5 11.f3 Nh5 12.g4 Nf4 13.O-O-O Qe8 14.Nh3 Nxe2+ 15.Qxe2 f5 16.h5
fxe4 17.hxg6+ Qxg6 18.Ng5+ Kg8 19.Ngxe4 Nxe4 20.Nxe4 Bd7 21.Rh3 Rf7 22.Rdh1
Bxg4 23.Rxh6 Bxh6 24.Rxh6 Qxe4 25.Rh4 Rxf3 {#R} 0-1

[Event "Oberliga East B 1998/99"]
[Site "masterchessopen.com Germany"]
[Round "0"]
[White "Stimpel Franz (GER)"]
[Black "Chandler Patrick (GER)"]
[Result "0-1"]
[WhiteElo "2201"]
[BlackElo "2192"]

1.d4 Nf6 2.c4 g6 3.Nc3 Bg7 4.e4 O-O 5.Be2 d6 6.Bg5 h6 7.Be3 c6 8.h3 a6 9.a4 a5
10.Nf3 Na6 11.O-O Qc7 12.Qd2 Kh7 13.Rfd1 Be6 14.Rac1 Nb4 15.Bf4 Rad8 16.g4 Bc8
17.Qe3 Qb6 18.c5 Qa7 19.Kg2 Rfe8 20.Bg3 dxc5 21.dxc5 Rxd1 22.Nxd1 Nd7 23.Nd2
e5 24.f3 Bf8 25.Bf2 Be7 26.h4 g5 27.h5 Nf8 28.Nb3 Ne6 29.Bc4 Nf4+ 30.Kh2 Kg7
31.Be1 Rd8 32.Nf2 Be6 33.Bxe6 Nxe6 34.Rc4 Rd7 35.Bxb4 axb4 36.Nd3 Qxa4 37.Nxe5
Rd8 38.Rc1 Qa7 39.Kg2 Bf6 40.Nc4 Rd3 {#R} 0-1

[Event "Ch Helsinki"]
[Site "masterchessopen.com Helsinki (Finland)"]
[Round "0"]
[White "Raivio Yrjo (FIN)"]
[Black "Munukka Timo (FIN)"]
[Result "1-0"]
[WhiteElo "2067"]
[BlackElo "2003"]

1.d4 Nf6 2.c4 g6 3.Nc3 Bg7 4.e4 d6 5.Be2 O-O 6.Bg5 h6 7.Be3 e5 8.d5 Kh7 9.g4
a6 10.f3 c5 11.Qd2 Qa5 12.h4 Bd7 13.Nh3 b5 14.h5 g5 15.Bxg5 b4 16.Nd1 Bxg4
17.Bxf6 Bxh3 18.Bxg7 Kxg7 19.Rxh3 Qd8 20.Ne3 Qf6 21.Nf5+ Kh7 22.Rg3 Nd7
23.O-O-O Rg8 24.Rdg1 {#r} 1-0

[Event "Ch Vietnam (juniors) (under 15) (g)"]
[Site "masterchessopen.com Hue (Vietnam)"]
[Round "7"]
[White "Hoang Hai (VIE)"]
[Black "Hoang Nam Thang (VIE)"]
[Result "0-1"]
[WhiteElo "2215"]
[BlackElo "2341"]

1.d4 Nf6 2.c4 g6 3.Nc3 Bg7 4.e4 d6 5.Be2 O-O 6.Bg5 h6 7.Be3 e5 8.d5 Nbd7 9.Qd2
Nc5 10.f3 a5 11.O-O-O h5 12.h4 Bd7 13.Nh3 Na4 14.Nxa4 Bxa4 15.Rdg1 Bd7 16.Nf2
a4 17.g4 c6 18.dxc6 Bxc6 19.gxh5 Nxh5 20.Nd3 a3 21.b3 b5 22.Nb4 Qc7 23.Kb1
bxc4 24.Bxc4 Nf4 25.Bxf4 exf4 26.Nxc6 Qxc6 27.Rxg6 Kh8 28.Rxd6 Qc5 29.Rd5 Qb6
30.Qxf4 Rad8 31.Rh5+ Kg8 32.Qf5 Bh6 33.Rxh6 Qxh6 34.Rg1+ Kh8 35.Rg5 Rg8 36.Rh5
Rg1+ {#R} 0-1

[Event "Ch Vietnam (juniors) (under 15) (g)"]
[Site "masterchessopen.com Hue (Vietnam)"]
[Round "6"]
[White "Hoang Nam Thang (VIE)"]
[Black "Nguyen Van Huy (VIE)"]
[Result "1-0"]
[WhiteElo "2341"]
[BlackElo "2449"]

1.d4 Nf6 2.c4 g6 3.Nc3 Bg7 4.e4 d6 5.Be2 O-O 6.Bg5 h6 7.Be3 e5 8.d5 Nh7 9.Qd2
h5 10.O-O-O f5 11.exf5 Bxf5 12.f3 Nf6 13.h3 e4 14.g4 exf3 15.gxf5 fxe2
16.Ngxe2 Nbd7 17.Nf4 Ne5 18.Ne6 Qe7 19.b3 Rfe8 20.fxg6 a5 21.Bh6 Bxh6 22.Qxh6
a4 23.Rhf1 Ned7 24.Ne4 axb3 25.Rxf6 bxa2 26.Kc2 Rf8 27.g7 Nxf6 28.N4g5 {#r}
1-0

[Event "Ch Hungary (team) 1998/99"]
[Site "masterchessopen.com Hungary"]
[Round "0"]
[White "Flumbort Andras (HUN)"]
[Black "Tenyi Jozsef (HUN)"]
[Result "0-1"]
[WhiteElo "2281"]
[BlackElo "2205"]

1.d4 Nf6 2.c4 g6 3.Nc3 Bg7 4.e4 d6 5.Be2 O-O 6.Bg5 h6 7.Be3 Nc6 8.Qd2 Kh7 9.d5
Ne5 10.f3 c5 11.g4 a6 12.a4 Qa5 13.Ra3 Qb4 14.a5 Nxc4 15.Bxc4 Qxc4 16.Ra4 Qb3
17.Nge2 b5 18.Nc1 Qxc3 19.Qxc3 bxa4 20.Qd2 Rb8 21.O-O Nd7 22.Nd3 Rb3 23.Qc2
Ne5 24.Nxe5 Bxe5 25.Bc1 Bd7 26.Qg2 Kg7 27.f4 Bd4+ 28.Kh1 Rfb8 29.f5 g5 30.h4
Be5 31.Rf3 Rxf3 32.Qxf3 Rb3 33.Qd1 f6 34.hxg5 hxg5 35.Kg2 Bb5 36.Qh1 Rg3+
37.Kf2 Rxg4 38.Qh5 Rh4 39.Qg6+ Kf8 40.Kg1 Be8 {#R} 0-1

[Event "It (open)"]
[Site "masterchessopen.com Klatovy (Czech Republic)"]
[Round "8"]
[White "Slajs Vlastimil (CZE)"]
[Black "Cernik Lukas (CZE)"]
[Result "1-0"]
[WhiteElo "2132"]
[BlackElo "2199"]

1.d4 Nf6 2.c4 g6 3.Nc3 Bg7 4.e4 d6 5.Be2 O-O 6.Bg5 h6 7.Be3 e5 8.d5 Nbd7 9.Qc2
Ne8 10.g4 a6 11.h4 Rb8 12.h5 g5 13.Nh3 Bf6 14.f3 c5 15.O-O Nc7 16.a3 b5
17.cxb5 axb5 18.b4 c4 19.a4 bxa4 20.Rxa4 Ba6 21.Rfa1 Qc8 22.Qa2 Bb5 23.Ra5 Qb7
24.Ra7 Qc8 25.Bxc4 Rb7 26.Nxb5 Nxb5 27.Bxb5 Rxb5 28.Rc1 Qe8 29.Rcc7 Nb6 30.Qa6
Bd8 31.Rc6 Rxb4 32.Bxb6 Bxb6+ 33.Rxb6 Rxb6 34.Qxb6 Qc8 35.Qc7 {#r} 1-0

[Event "It (open)"]
[Site "masterchessopen.com Malaga (Spain)"]
[Round "5"]
[White "Garcia Vicente Nieves (ESP)"]
[Black "Moreno Carnero Javier (ESP)"]
[Result "0-1"]
[WhiteElo "2234"]
[BlackElo "2474"]

1.d4 Nf6 2.c4 g6 3.Nc3 Bg7 4.e4 d6 5.Be2 O-O 6.Bg5 h6 7.Be3 c5 8.dxc5 Qa5
9.Bd2 dxc5 10.Qc1 h5 11.Nf3 Nc6 12.O-O Bg4 13.Ng5 Nd4 14.Bd1 Bxd1 15.Qxd1 Qa6
16.b3 Rad8 17.Rc1 Rd7 18.Qe1 Rfd8 19.Bf4 Ng4 20.h3 Qf6 21.Be3 Ne5 22.Nd5 Qa6
23.Bxd4 cxd4 24.Qd2 e6 25.Nb4 Qa5 26.Rcd1 Bh6 27.f4 Bxg5 28.fxg5 d3 29.Nd5
Qc5+ 30.Ne3 Rd4 31.Rf4 Nc6 32.Qf2 Qxg5 33.Rxf7 Rxe4 34.Nf1 Re2 35.h4 Rxf2 {#R}
0-1

[Event "Cup European Club (w)"]
[Site "masterchessopen.com Nova Gorica (Slovenia)"]
[Round "2"]
[White "Zaiatz Elena (RUS)"]
[Black "Ulms Sandra (GER)"]
[Result "1-0"]
[WhiteElo "2304"]
[BlackElo "2127"]

1.d4 Nf6 2.c4 g6 3.Nc3 Bg7 4.e4 d6 5.Be2 O-O 6.Bg5 h6 7.Be3 Na6 8.Qd2 Kh7 9.f3
c5 10.d5 Bd7 11.Bd3 Ng8 12.Nge2 Rb8 13.a3 e5 14.dxe6 Bxe6 15.Nb5 Nc7 16.Nxa7
Ra8 17.Nb5 Nxb5 18.cxb5 c4 19.Bb1 Qa5 20.Nc3 d5 21.exd5 Rfd8 22.d6 Bxc3
23.bxc3 Qxb5 24.O-O Ra6 25.Bf4 Rxa3 26.Rxa3 Qc5+ 27.Qd4 Qxa3 28.Be4 Qa6 29.Rb1
b5 30.Bd5 Bf5 31.Re1 Rf8 32.Be5 Qc8 33.Ra1 Qe8 34.Bg7 {#r} 1-0

[Event "Tournament"]
[Site "masterchessopen.com Pinar del Rio (Cuba)"]
[Round "0"]
[White "Valdes Luis E (CUB)"]
[Black "Ferragut Arnaldo (CUB)"]
[Result "1-0"]
[WhiteElo "2397"]
[BlackElo "2284"]

1.d4 Nf6 2.c4 g6 3.Nc3 Bg7 4.e4 d6 5.Be2 O-O 6.Bg5 h6 7.Be3 c6 8.Qd2 Kh7 9.f3
a6 10.g4 b5 11.h4 Nbd7 12.Nh3 e5 13.d5 bxc4 14.dxc6 Nb8 15.c7 Qxc7 16.g5 Nh5
17.Nd5 Qd8 18.gxh6 Bf6 19.Ng5+ Bxg5 20.hxg5 Ng3 21.Bb6 Nxh1 22.Bxd8 Rxd8
23.Bxc4 {#r} 1-0

[Event "It (open)"]
[Site "masterchessopen.com Recklinghausen (Germany)"]
[Round "5"]
[White "Wyrwich Markus (GER)"]
[Black "Czarnik Josef (GER)"]
[Result "1-0"]
[WhiteElo "2143"]
[BlackElo "2007"]

1.d4 Nf6 2.c4 g6 3.Nc3 Bg7 4.e4 d6 5.Be2 O-O 6.Bg5 h6 7.Be3 a5 8.Qd2 Kh7 9.Nf3
Ng4 10.Bf4 f5 11.h3 Nf6 12.e5 Nh5 13.Bh2 f4 14.Bd3 Bf5 15.Bxf5 Rxf5 16.Nh4 Rf8
17.Qc2 Qe8 18.Nd5 Nc6 19.Nxc7 Qf7 20.Nxa8 Rxa8 21.Nf3 Nb4 22.Qe2 Rc8 23.b3 b5
24.Rc1 dxe5 25.a3 Nd5 26.O-O bxc4 27.bxc4 {#r} 1-0

[Event "Ch Rheinhausen"]
[Site "masterchessopen.com Rheinhausen (Germany)"]
[Round "0"]
[White "Kern Guido (GER)"]
[Black "Leers-Fischer Hans (GER)"]
[Result "1-0"]
[WhiteElo "2390"]
[BlackElo "2219"]

1.c4 Nf6 2.Nc3 g6 3.e4 d6 4.d4 Bg7 5.Be2 O-O 6.Bg5 h6 7.Be3 e5 8.d5 Kh7 9.h4
Ne8 10.h5 g5 11.Bg4 Bxg4 12.Qxg4 Qd7 13.Qd1 c5 14.Nge2 Bf6 15.Ng3 Ng7 16.Qd3
Be7 17.Nf5 Na6 18.a3 Nc7 19.b4 b6 20.Kd2 Na6 21.Rab1 Rfc8 22.g3 f6 23.Rhc1 Bf8
24.f4 Be7 25.Rf1 Nxf5 26.exf5 Kg7 27.b5 Nc7 28.fxg5 hxg5 {#r} 1-0

[Event "Tournament"]
[Site "masterchessopen.com Sao Bernardo (Brazil)"]
[Round "4"]
[White "De Souza Mauro (BRA)"]
[Black "Steinhoff Igor Muramatsu (BRA)"]
[Result "1-0"]
[WhiteElo "2359"]
[BlackElo "2220"]

1.d4 Nf6 2.c4 g6 3.Nc3 Bg7 4.e4 d6 5.Be2 O-O 6.Bg5 h6 7.Be3 e5 8.d5 a5 9.h4 h5
10.Qd2 Na6 11.O-O-O Qe8 12.f3 Bd7 13.Nh3 Nc5 14.Ng5 Na4 15.Kb1 Nxc3+ 16.Qxc3
b5 17.c5 b4 18.Qd2 Bb5 19.Rc1 Bxe2 20.Qxe2 c6 21.dxc6 d5 22.exd5 Nxd5 23.g4
Qxc6 24.gxh5 gxh5 25.Rhg1 a4 26.Ne4 f5 27.Nd6 a3 28.Bh6 axb2 29.Rxg7+ Kh8
30.Qxb2 Nc3+ 31.Rxc3 bxc3 32.Qxc3 Qd5 33.Qb3 Rab8 34.Rb7 Rxb7 35.Nxb7 Qxb3+
36.axb3 Rb8 37.c6 {#r} 1-0

[Event "Ch Paulista"]
[Site "masterchessopen.com Sao Paulo (Brazil)"]
[Round "5"]
[White "Chiaramitara Jr Pedro (BRA)"]
[Black "Godoy Jose Rui (BRA)"]
[Result "1-0"]
[WhiteElo "2089"]
[BlackElo "1987"]

1.d4 Nf6 2.c4 g6 3.Nc3 Bg7 4.e4 d6 5.Be2 O-O 6.Bg5 h6 7.Be3 e5 8.d5 a5 9.Qd2
Kh7 10.f3 Bd7 11.g4 h5 12.h4 Na6 13.Bg5 Rh8 14.gxh5 gxh5 15.Nh3 Bxh3 16.Rxh3
Kg8 17.O-O-O Kf8 18.Rf1 Qd7 19.Rg3 Ne8 20.f4 f6 21.fxe5 dxe5 22.Be3 Ke7 23.Qd1
Kd8 24.Bxh5 Kc8 25.Bg4 {#r} 1-0

[Event "It \"]
[Site "masterchessopen.com St. Petersburg (Russia)"]
[Round "2"]
[White "Lukin Andrei M (RUS)"]
[Black "Rogovoi Mark (RUS)"]
[Result "1-0"]
[WhiteElo "2438"]
[BlackElo "2214"]

1.c4 Nf6 2.Nc3 g6 3.e4 d6 4.d4 Bg7 5.Be2 O-O 6.Bg5 h6 7.Be3 e5 8.dxe5 dxe5
9.Qxd8 Rxd8 10.Nd5 Nxd5 11.cxd5 c6 12.Bc4 cxd5 13.Bxd5 Nd7 14.O-O-O Re8 15.Ne2
Nf6 16.Nc3 Nxd5 17.Nxd5 Be6 18.Kb1 Bxd5 19.Rxd5 Re7 20.Rhd1 b6 21.Rd7 Kf8
22.a4 Ke8 23.R7d5 Rb8 24.a5 bxa5 25.Rxa5 Rbb7 26.Rd6 Rb4 27.f3 Reb7 28.Rd2 f5
29.Bc5 Rc4 30.Rc2 Rxc2 31.Kxc2 Rc7 32.Kd3 a6 33.Kc4 Rc6 34.Kd5 Kd7 35.b4 Re6
36.b5 {#r} 1-0

[Event "It (open)"]
[Site "masterchessopen.com Sutton (England)"]
[Round "3"]
[White "Kinsman Andrew P H (ENG)"]
[Black "Richardson Kevin Derek (ENG)"]
[Result "1-0"]
[WhiteElo "2399"]
[BlackElo "2184"]

1.d4 Nf6 2.c4 g6 3.Nc3 Bg7 4.e4 d6 5.Be2 O-O 6.Bg5 h6 7.Be3 e5 8.d5 a5 9.g4
Ne8 10.Qd2 Kh7 11.h4 f5 12.gxf5 gxf5 13.exf5 Bxf5 14.Bd3 Qf6 15.Nge2 Bxd3
16.Qxd3+ Kh8 17.O-O-O Nd7 18.Ne4 Qf3 19.Rhg1 Nef6 20.Rxg7 Qxe4 {#r} 1-0

[Event "Ch Georgia (juniors) (under 16)"]
[Site "masterchessopen.com Tbilisi (Georgia)"]
[Round "0"]
[White "Epitashvili Ketevan (GEO)"]
[Black "Mkheidze Nino (GEO)"]
[Result "1-0"]
[WhiteElo "2112"]
[BlackElo "2121"]

1.d4 Nf6 2.c4 g6 3.Nc3 Bg7 4.e4 d6 5.Be2 O-O 6.Bg5 h6 7.Be3 e5 8.d5 Kh7 9.g4
Ne8 10.h4 c6 11.h5 g5 12.f3 cxd5 13.cxd5 Nd7 14.Nh3 b6 15.Qd2 Nc7 16.O-O Nc5
17.b4 Nd7 18.Nb5 Nxb5 19.Bxb5 a5 20.Bc6 Rb8 21.a3 Bb7 22.Rfc1 Nf6 23.Nf2 Ng8
24.Rab1 axb4 25.Rxb4 Bxc6 26.dxc6 Qc7 27.Qb2 b5 28.Rxb5 Rxb5 29.Qxb5 Rb8
30.Qc4 Ne7 31.Nd3 Nc8 32.Nb4 Nb6 33.Qa6 Bf8 34.Bxb6 Rxb6 35.Nd5 Rxa6 36.Nxc7
Ra5 37.Nd5 Rxa3 38.c7 {#r} 1-0

[Event "Ch Faroe Islands"]
[Site "masterchessopen.com Torshavn (Faroe Islands)"]
[Round "7"]
[White "Nilssen John Arni (FAI)"]
[Black "Rasmussen Steintor (FAI)"]
[Result "1-0"]
[WhiteElo "2326"]
[BlackElo "2165"]

1.d4 Nf6 2.c4 g6 3.Nc3 Bg7 4.e4 d6 5.Be2 O-O 6.Bg5 h6 7.Be3 e5 8.d5 b6 9.g4
Nh7 10.Qd2 f5 11.gxf5 gxf5 12.exf5 Qf6 13.Ne4 Qh4 14.Ng3 e4 15.O-O-O Bxf5
16.h3 Na6 17.Nxf5 Rxf5 18.Bg4 Rf6 19.Ne2 Nc5 20.Ng3 Raf8 21.Kb1 Ng5 22.Rdf1
Nf3 23.Qc2 Ng5 24.Nh5 R6f7 25.Nxg7 Rxg7 26.f4 Nf3 27.b4 Nd3 28.Bxf3 exf3
29.Qxd3 {#r} 1-0

[Event "It (open) \"]
[Site "masterchessopen.com Eforie Nord (Romania)"]
[Round "0"]
[White "Tutulan Mihaela (ROM)"]
[Black "Vladila Liana (ROM)"]
[Result "1-0"]
[WhiteElo "2047"]
[BlackElo "2070"]

1.d4 Nf6 2.c4 g6 3.Nc3 Bg7 4.e4 d6 5.Be2 O-O 6.Bg5 h6 7.Bf4 c5 8.d5 Na6 9.Qd2
Kh7 10.h3 Nc7 11.Nf3 a6 12.a4 Rb8 13.a5 Bd7 14.O-O b5 15.axb6 Rxb6 16.e5 Nfe8
17.Rfe1 Qb8 18.Ra2 Bf5 19.g4 Bc8 20.Bd3 Rb4 21.Nh4 Na8 22.e6 Kg8 23.exf7+ Rxf7
24.Bxg6 Rf8 25.Rxe7 Rxc4 26.Bxh6 Nac7 27.Bxg7 Nxg7 28.Qh6 {#r} 1-0

[Event "Tournament (Elo)"]
[Site "masterchessopen.com Budapest (Hungary)"]
[Round "2"]
[White "Hohl Matthias (HUN)"]
[Black "Erdelyi Zombor (HUN)"]
[Result "0-1"]
[WhiteElo "2066"]
[BlackElo "2130"]

1.d4 Nf6 2.c4 g6 3.Nc3 Bg7 4.e4 d6 5.Be2 O-O 6.Bg5 h6 7.Be3 e5 8.d5 a5 9.Qd2
Kh7 10.f3 Nh5 11.h4 f5 12.exf5 gxf5 13.Nh3 Qxh4+ 14.Bf2 Qe7 15.O-O-O Bd7 16.g4
fxg4 17.fxg4 Nf4 18.Nxf4 exf4 19.Rde1 Qd8 20.Ne4 Be8 21.g5 Bg6 22.Bd3 Nd7
23.gxh6 Bf6 24.Nxf6+ Qxf6 25.Bxg6+ Qxg6 26.Reg1 Qf5 27.Rg7+ Kh8 28.Rxd7 Qxd7
29.h7 Rae8 30.Bd4+ Re5 31.Rh5 Rf5 32.Qg2 Rf8 33.Rg5 Qf7 34.Qh3 Qf6 35.Qh5 Re1+
36.Kd2 Qxd4+ 37.Kxe1 Qe3+ 38.Kd1 Qd3+ 39.Ke1 Qb1+ 40.Qd1 Re8+ {#R} 0-1

[Event "It (open)"]
[Site "masterchessopen.com Abudhabi (United Arab Emirates)"]
[Round "5"]
[White "Kaabi Mejdi (TUN)"]
[Black "Hazouri Ismail (SYR)"]
[Result "1-0"]
[WhiteElo "2380"]
[BlackElo "2165"]

1.d4 Nf6 2.c4 g6 3.Nc3 Bg7 4.e4 d6 5.Be2 O-O 6.Bg5 h6 7.Be3 e5 8.d5 Nbd7 9.Qd2
Nc5 10.f3 Kh7 11.g4 a5 12.O-O-O a4 13.Kb1 Ne8 14.h4 Rh8 15.Rc1 b6 16.Bd1 Bd7
17.Nge2 Kg8 18.Nb5 Nf6 19.Nec3 Bxb5 20.Nxb5 Nfd7 21.Rc3 h5 22.g5 Kh7 23.Rg1
Ra5 24.Bc2 Qc8 25.Qd1 f6 26.Bd2 Ra8 27.Bc1 fxg5 28.hxg5 {#r} 1-0

[Event "It (open)"]
[Site "masterchessopen.com Bad Woerishofen (Germany)"]
[Round "2"]
[White "Wiesbeck Florian (AUT)"]
[Black "Schmidt Volker (GER)"]
[Result "1-0"]
[WhiteElo "1926"]
[BlackElo "2013"]

1.d4 Nf6 2.c4 g6 3.Nc3 Bg7 4.e4 O-O 5.Be2 d6 6.Bg5 h6 7.Be3 e5 8.d5 a5 9.Qd2
Kh7 10.b3 Na6 11.Bd1 Ng4 12.Bxg4 Bxg4 13.f3 Bd7 14.g4 f5 15.gxf5 gxf5 16.exf5
Bxf5 17.Nge2 Nb4 18.Ne4 Bxe4 19.fxe4 Qh4+ 20.Ng3 Rf3 21.O-O-O Nxa2+ 22.Kb2 Nb4
23.Rhg1 Bh8 24.Qg2 Rf6 25.Nf5 Qh5 26.Rdf1 Nd3+ 27.Ka3 a4 28.b4 Nf4 29.Bxf4
Rxf5 30.exf5 Qxf5 31.Qe2 Rg8 32.Rxg8 Kxg8 33.Bxh6 Qh3+ 34.Qf3 {#r} 1-0

[Event "It (open)"]
[Site "masterchessopen.com Barbera (Spain)"]
[Round "2"]
[White "Roeder Mathias (GER)"]
[Black "Martinez Daniel (ARG)"]
[Result "1-0"]
[WhiteElo "2467"]
[BlackElo "2024"]

1.d4 Nf6 2.c4 g6 3.Nc3 Bg7 4.e4 d6 5.Be2 O-O 6.Bg5 h6 7.Be3 Nbd7 8.Qd2 c5 9.d5
Qa5 10.f3 Kh7 11.Nh3 a6 12.Nf2 b5 13.O-O bxc4 14.Bxc4 Ne5 15.Be2 Bd7 16.f4
Neg4 17.Bxg4 Nxg4 18.Nxg4 Bxg4 19.f5 gxf5 20.exf5 Rg8 21.Kh1 Be5 22.Qf2 Bxc3
23.Qh4 Bg7 24.f6 exf6 25.Rxf6 h5 26.Qg5 Rgf8 27.h3 Be2 28.Bd2 Qd8 29.Bc3 Bxf6
30.Bxf6 Rg8 31.Qf5+ Rg6 32.Bxd8 Rxd8 33.Re1 Bb5 34.Qxf7+ Rg7 35.Qxh5+ Kg8
36.a4 Bxa4 37.Qh4 Re8 38.Rxe8+ {#r} 1-0